Malaysian taxation

Bibliographic Details
Main Author: Chin, Yoong Kheong
Format: Book
Published: Kuala Lumpur : Butterworth Asia , 1994
Edition:Third edition
Subjects:

MARC

LEADER 00000cam a2200000 7i4500
001 0000007973
005 20220523.0
020 |a 0409996858 
040 |a INS 
090 0 0 |a HJ2950.6   |b C44 1994 
100 1 |a Chin, Yoong Kheong 
245 1 0 |a Malaysian taxation   |c Chin Yoong Kheong 
250 |a Third edition 
260 |a Kuala Lumpur :   |b Butterworth Asia ,   |c 1994 
300 |a xxiii, 723p. ;   |c 25 cm. 
500 |a Includes index 
650 0 0 |a Taxation   |z Malaysia 
999 |a 0000022890   |b BOOK   |c Open Shelf   |e Default branch